00358nam a2200133 a 45000010010000000030011000100080041000210350026000620820016000881000019001042450020001232600061001436500020002040000-9136ELIB.Books110520 1988  a(ELIB.Books)0000-9288 a261.2 bBur aBurnett, David aUnearthly Power bNashville: A Division Of Thomas Nelson Publishers c1988 aSocial Theology